000 nam a22 7a 4500
999 _c16854
_d16854
008 161118b xxu||||| |||| 00| 0 eng d
020 _a0920513409
050 _aRT 41 .P68 2001
100 _aPotter, Patricia A.
245 _aCanadian fundamentals of nursing/
_cPatricia A. Potter and Anne Griffin Perry.
250 _a2rd ed.
260 _aToronto :
_bMosby,
_c2001.
300 _axxxviii, 1790p. :
_bill. :
_c29cm.
500 _aInclude index.
650 _aNursing.
650 _aNursing
_xCanada.
700 _aPerry, Anne Griffin .
942 _2lcc
_cBOOKS
_hRT 41 .P68 2001